MARC

Tag First Indicator Second Indicator Subfields
LEADER 00000cam a2200000 a 4500
001 in00002772011
005 20211120164829.0
006 m o d f
007 cr mn|||||||||
008 070220s2006 dcu o f000 0 eng c
035 |a (OCoLC)ocm84648078 
040 |a ZCY  |c ZCY  |d GPO  |d MvI  |d UtOrBLW 
042 |a pcc 
043 |a n-us-ca 
049 |a WWW 
074 |a 0520-B-32 (online) 
086 0 |a HS 1.22:07-04 
088 |a OIG-07-04 
110 1 |a United States.  |b Department of Homeland Security.  |b Office of Audits. 
245 1 0 |a Review of allegations regarding San Francisco International Airport /  |c Department of Homeland Security, Office of Inspector General, Office of Audits. 
264 1 |a Washington, DC :  |b Dept. of Homeland Security, Office of Inspector General, Office of Audits,  |c [2006] 
300 |a 1 online resource (19 pages) 
336 |a text  |b txt  |2 rdacontent 
337 |a computer  |b c  |2 rdamedia 
338 |a online resource  |b cr  |2 rdacarrier 
500 |a Title from PDF title screen (viewed Feb. 2, 2007). 
500 |a "October 2006." 
500 |a "OIG-07-04." 
500 |a Electronic resource. 
610 1 0 |a United States.  |b Transportation Security Administration  |x Management  |x Evaluation. 
610 2 0 |a San Francisco International Airport (Calif.) 
650 0 |a Airports  |z California  |z San Francisco  |x Safety measures. 
650 0 |a Airline passenger security screening  |z United States. 
650 0 |a Airports  |z United States  |x Safety measures. 
856 4 0 |u https://purl.fdlp.gov/GPO/gpo13986  |t 0 
999 |a MARS 
999 f f |s 271a9c2c-66c1-3d20-8f1a-766623c4ba09  |i 60c0f155-69e3-34f6-8349-01c05bc74566  |t 0 
952 f f |a Texas A&M University  |b College Station  |c Electronic Resources  |d Available Online  |t 0  |e HS 1.22:07-04  |h Superintendent of Documents classification 
998 f f |a HS 1.22:07-04  |t 0  |l Available Online